Fats and oils handbook /
Guardado en:
| Autor Principal: | |
|---|---|
| Formato: | Libro |
| Idioma: | English German |
| Publicado: |
Champaign, Ill. :
AOCS Press,
1998.
|
| Materias: | |
| Etiquetas: |
Agregar Etiqueta
Sin Etiquetas, Sea el primero en etiquetar este registro!
|
| LEADER | 00852cam a22002295a 4500 | ||
|---|---|---|---|
| 001 | EIQ.libpla003524 | ||
| 008 | 980202s1998####iluao####bf###001#0#eng#d | ||
| 005 | 20080208174115.0 | ||
| 245 | 1 | 0 | |a Fats and oils handbook / |c Michael Bockisch. |
| 260 | |a Champaign, Ill. : |b AOCS Press, |c 1998. | ||
| 300 | |a x, 838 p. : |b il., fotos ; |c 24 cm. | ||
| 500 | |a Traducción actualizada y revisada del trabajo original en alemán: Nahrungsfette und Öle. | ||
| 504 | |a Incluye referencias bibliográficas e índice. | ||
| 020 | |a 0935315829 (alk paper) | ||
| 100 | 1 | |a Bockisch, Michael. | |
| 082 | 0 | 0 | |a 665 |2 21 |
| 650 | 4 | |a Aceites y grasas comestibles |x Handbooks, manuales, etc. | |
| 650 | 0 | |a Oils and fats, Edible |x Handbooks, manuals, etc. | |
| 010 | |a 98011974 | ||
| 040 | |a DLC |c DLC |d AR-BbSID | ||
| 041 | 1 | |a eng |h ger | |
| 859 | |a AR-BbSID |b BIB. PLAPIQUI |h 665 |i B 63 |p 4823 | ||
